000 01406cam a22003977a 4500
003 CHAP
005 20220329142215.0
008 000217d1999 mx r 00110 spa d
010 _a79921
011 _a80893
035 _a91347
040 _cCHAP
090 _aTesis
100 0 0 _aQuiterio Medel, Miguel.
_993543
245 1 0 _aEvaluación de la calidad fisiológica de semillas en variedades comerciales de soya (Glycine max L. Merril)
_c/por Miguel Quiterio Medel
260 _aChapingo, Méx. :
_bEl autor,
_c1999.
300 _a57 h.
500 _ac.4 En bodega
502 _aTesis (Ing. Agr. Esp. en Fitotecnia) -- UACH. Departamento de Fitotecnia
590 _aALEPH
_b10
_c20130110
_lUCH01
_h1434
590 _aBATCH-UPD
_b10
_c20130110
_lUCH01
_h1447
590 _aBATCH-UPD
_b10
_c20130410
_lUCH01
_h0916
590 _aBATCH-UPD
_b10
_c20130914
_lUCH01
_h2018
590 _aCONVERSION
_b10
_c20130109
_lUCH01
_h1344
650 1 4 _aSemillas
_xEdad.
_9103895
650 1 4 _aSemillas
_xFisiología y morfología.
_9103902
650 1 4 _aSoya
_xGerminación.
_9109055
650 1 4 _aSoya
_xSemilla.
_9109087
650 1 4 _aSoya
_xVariedades.
_9109096
901 _aBK
905 _aLilia Sánchez G.
942 _cFOLL
949 _bBC
_cTES
_d33724000761110
_eTS2
_fc.2
_h35272
_i91347
_si
949 _bBC
_cTES
_d33724000761128
_eTS2
_fc.3
_h35273
_i91347
_so
949 _bBC
_cTES
_d913471
_eTS1
_h35271
_i91347
_sb
999 _c79921
_d79921